| 000 | 00656nam a2200205 a 4500 | ||
|---|---|---|---|
| 005 | 20240830063726.0 | ||
| 008 | 991125s1976 ag 000 0 spa u | ||
| 035 | _aUPN01000039902 | ||
| 049 | _aCG | ||
| 050 | 4 |
_aLB1607 _bG7.48 |
|
| 100 | 1 | _aGrambs, Jean Dresden | |
| 245 | 1 | 0 |
_aModerna metodología educativa / _cJean D. Grambs, John C. Carr, Robert M. Fitch ; tr. Ana María Uribe. |
| 260 |
_aBuenos Aires : _bPleamar, _c1976. |
||
| 300 | _a382 p. | ||
| 650 | 4 |
_aEducación _xMetodología _912791 |
|
| 650 | 7 |
_aEducación secundaria _2 _94281 |
|
| 700 | 1 |
_aCarr, John Charles, _d1929- , _ecoaut. |
|
| 700 | 1 |
_aFitch, Robert M., _ecoaut. |
|
| 905 | _aLibro | ||
| 999 |
_c39902 _d39902 |
||